000 00787nam a2200229 a 4500
001 000042301
005 20201002040050.0
008 131122s1957 ag 000 d spa d
040 _aDO-SdBNP
_bspa
_cBNPHU
041 1 7 _aspa
_hger
082 _axxxx
_bH685a
100 1 _aHochwaälder, Fritz
_969352
245 1 3 _aEl acusador público /
_cFritz Hochwalder ; traducción de Kurt Pahlen.
260 _aBuenos Aires :
_bEdiciones del Carro de Tespis,
_c1957.
300 _a78 p. ;
_c19 cm.
490 1 _aEdiciones del carro de Tespis
490 1 _aSelección teatral
_v25
534 _aTítulo original.
_tDer uffentliche anklager.
590 _aInventariado, 2019 /LP
700 1 _aPahlen, Kurt,
_etr.
_969353
830 0 _aEdiciones del Carro de Tespis
_pSelección teatral ;
_n25
_969354
999 _c41790
_d41790